000 00577nam a22001937a 4500
003 OSt
005 20150820142655.0
008 130815t xxu||||| |||| 00| 0 eng d
020 _a0842300953
050 _aE 444
_b.Au926 1979
082 _aHS 301.45092
_bAu5 1979
245 _aAunt Sally /
260 _aWheaton, Illinois :
_bTyndale house Pub., Inc.,
_c1979.
300 _a138 pages ;
_c21cm.
650 _a Williams, Sally American slave.
_911039
650 _aSlavery
_xNorth Carolina.
_911040
650 _aSlavery
_xAlabama.
_911041
942 _2lcc
_cBK
_kFOR
999 _c288419
_d288419